Um saltinho ao Porto (Registo nº 1248)

Detalhes MARC
000 -Etiqueta do registo
Cabeçalho 01156cam a2200325 4500
005 - Identificador da versão
Campo de controlo 20240813121830.0
010 ## - Número internacional normalizado dos livros (ISBN)
Número (ISBN) 9728579519
ISBN errado 989-555-054-5
Número (ISBN) 989-555-063-4
021 ## - Número do Depósito Legal
Código do país PT
Número 201430/03
Código do país PT
Número 175041/02
Código do país PT
Número 207992/04
100 ## - Dados gerais de processamento
Dados gerais de processamento 20030327g20029999da y0pory5003 ba
102 ## - Pais de publicação ou produção
País de publicação Portugal
101 0# - Língua de publicação
Língua do texto, banda sonora, etc. Português
106 ## - Campo de dados codificados: material textual
Dados codificados do material textual r
105 ## - Campo de dados codificados: livros
Dados codificados dos livros a z 000zy
215 ## - Descrição física 
Indicação específica da natureza do documento e extensão da espécie v.
Outras indicações físicas muito il.
Dimensões 22 cm
200 1# - Titulo e menção de responsabilidade
Título próprio Um saltinho ao Porto
Primeira menção de responsabilidade texto Isabel Zambujal
Outras menções de responsabilidade il. João Fazenda
205 ## - Menção da edição
Menção da edição 1ª ed
210 ## - Publicação, Distribuição, etc. 
Lugar da edição, distribuição, etc. Lisboa
Nome do editor, distribuidor, etc. Oficina do Livro
Data da publicação, distribuição, etc. 2002-
330 ## - Sumário ou Resumo
Texto da nota Em "Um Saltinho ao Porto" a cidade é apresentada aos mais novos, através de uma visita guiada por João, o menino que quando for grande quer desenhar novas pontes para o Douro. De monumento em monumento, de bairro em bairro são divulgados factos históricos e histórias verdadeiras que parecem de brincar.
327 0# - Nota de conteúdo 
Texto da nota [3º v.]: Ao Porto. - 2003. - [36] p.
675 ## - Classificação Decimal Universal (CDU)
Notação 087.5
Edição BN
Língua da edição por
702 #1 - Nome de autor-pessoa física (responsabilidade secundária)
Número de registo de entrada de autoridade 0001756
Palavra de ordem Fazenda
Outra parte do nome não tomada para palavra de ordem João
Datas 1979-
Código de função Ilustrador / Técnico de desenho computorizado
700 #1 - Nome de autor-pessoa física (responsabilidade principal)
Número de registo de entrada de autoridade 0001755
Palavra de ordem Zambujal
Outra parte do nome não tomada para palavra de ordem Isabel
942 ## - Elementos de entrada adicionados (Koha)
Tipo de item no Koha Livro
Exemplares
Situação do levantamento Origin of item (home branch) (coded) Biblioteca de empréstimo Código de barras Cota Circulation type (not for loan) Tipo de documento Nota do exemplar Damaged status
  Biblioteca Escolar Eng. Nuno Mergulhão Biblioteca Escolar Eng. Nuno Mergulhão BENM2605 8POR ZAM   Livro Sem mensagem